[Event "Regionalliga SO 0506"]
[Site "Bayern"]
[Date "2005.11.13"]
[Round "2.7"]
[White "Loderbauer, Gerhard"]
[Black "Froehlich, Herbert"]
[Result "1/2-1/2"]
[WhiteElo "1824"]
[BlackElo "1902"]
[PlyCount "28"]
[EventDate "2005.10.23"]
[EventType "team-tourn"]
[EventRounds "9"]
[EventCountry "GER"]
[SourceTitle "EXT 2007"]
[Source "ChessBase"]
[SourceDate "2006.11.23"]
[SourceVersion "1"]
[SourceVersionDate "2006.11.23"]
[SourceQuality "1"]
[WhiteTeam "Passau II"]
[BlackTeam "Weilheim"]
[WhiteTeamCountry "GER"]
[BlackTeamCountry "GER"]

1. d4 d6 2. Nf3 Bg4 3. e3 Nd7 4. Be2 Ngf6 5. c4 e5 6. Nc3 Be7 7. 0-0 0-0 8. b3 Re8 9. Bb2 c6 10. dxe5 dxe5 11. Qc2 Qc7 12. e4 Rad8 13. Ne1 Bxe2 14. Qxe2 Bb4 1/2-1/2

[Event "GER-ch37 V6 email"]
[Site "GER email"]
[Date "2005.??.??"]
[Round "?"]
[White "Braun, Johannes"]
[Black "Loderbauer, Gerhard"]
[Result "1-0"]
[WhiteElo "2080"]
[BlackElo "2011"]
[PlyCount "117"]
[EventDate "2005.??.??"]
[EventType "tourn (corr)"]
[EventRounds "10"]
[EventCountry "GER"]
[SourceTitle "Corr 2008"]
[Source "ChessBase"]
[SourceDate "2008.06.24"]
[SourceVersion "1"]
[SourceVersionDate "2008.06.24"]
[SourceQuality "1"]

1. e4 d6 2. d4 Nf6 3. Nc3 g6 4. Be3 c6 5. Qd2 b5 6. Bd3 Nbd7 7. Nf3 e5 8. dxe5 dxe5 9. h3 Qe7 10. 0-0 Bg7 11. a4 b4 12. Ne2 a5 13. c3 Rb8 14. cxb4 Qxb4 15. Qc2 0-0 16. Rab1 Qb3 17. Rfc1 Rd8 18. Ng3 Qxc2 19. Rxc2 Bb7 20. Bd2 Ra8 21. Bc4 Nb6 22. Nxe5 Nh5 23. Bc3 Nxg3 24. fxg3 Bxe5 25. Bxe5 c5 26. Re1 Re8 27. Bc7 Rxe4 28. Bxf7+ Kxf7 29. Rf1+ Ke6 30. Bxb6 Rxa4 31. Bxc5 Re4 32. g4 Rc8 33. g5 Rc6 34. Rf8 Rc7 35. b3 Rf7 36. Rb8 Rc7 37. Rc3 Bd5 38. Rb6+ Rc6 39. Rb7 Kf5 40. g4+ Kf4 41. Rb8 Re2 42. Rd8 Bxb3 43. Bd6+ Rxd6 44. Rxd6 a4 45. Rd4+ Kxg5 46. Rc5+ Kf6 47. Rd6+ Re6 48. g5+ Ke7 49. Rxe6+ Kxe6 50. Ra5 Kd6 51. Kf2 Kc6 52. Ke3 Kb6 53. Ra8 Kb7 54. Rd8 Kc7 55. Rd3 Be6 56. Kd2 Kc6 57. Kc1 Kc5 58. Kb2 Kc4 59. Re3 1-0

[Event "GER-ch37 V6 email"]
[Site "GER email"]
[Date "2005.??.??"]
[Round "?"]
[White "Loderbauer, Gerhard"]
[Black "Andersen, Jens2"]
[Result "1-0"]
[WhiteElo "2011"]
[BlackElo "2034"]
[PlyCount "69"]
[EventDate "2005.??.??"]
[EventType "tourn (corr)"]
[EventRounds "10"]
[EventCountry "GER"]
[SourceTitle "Corr 2008"]
[Source "ChessBase"]
[SourceDate "2008.06.24"]
[SourceVersion "1"]
[SourceVersionDate "2008.06.24"]
[SourceQuality "1"]

1. d4 e6 2. c4 f5 3. g3 Nf6 4. Bg2 Be7 5. Nf3 0-0 6. 0-0 d6 7. Nc3 Ne4 8. Qc2 Nxc3 9. Qxc3 Bf6 10. b3 Nc6 11. Bb2 e5 12. dxe5 dxe5 13. Rad1 Qe7 14. Qe3 a5 15. Ne1 Rd8 16. Nd3 Bg5 17. f4 exf4 18. Qxe7 Bxe7 19. Nxf4 a4 20. Bd5+ Kf8 21. e4 axb3 22. axb3 Ra2 23. Ba1 g6 24. exf5 gxf5 25. Nh5 Nb4 26. Bg7+ Ke8 27. Nf6+ Bxf6 28. Bxf6 Rd7 29. Rde1+ Kf8 30. Bd4 Rxd5 31. cxd5 Nxd5 32. g4 f4 33. Be5 Bxg4 34. Bxf4 Kg7 35. Bxc7 1-0

[Event "Niederbayernliga 0405"]
[Site "Germany"]
[Date "2005.??.??"]
[Round "9"]
[White "Loderbauer, Gerhard"]
[Black "Koenigl, Anton"]
[Result "1/2-1/2"]
[WhiteElo "1825"]
[BlackElo "1758"]
[PlyCount "33"]
[EventDate "2004.??.??"]
[EventType "team"]
[EventRounds "9"]
[EventCountry "GER"]
[SourceTitle "EXT 2008"]
[Source "ChessBase"]
[SourceDate "2007.11.25"]
[SourceVersion "1"]
[SourceVersionDate "2007.11.25"]
[SourceQuality "1"]
[WhiteTeam "Passau II"]
[BlackTeam "Ergolding"]
[WhiteTeamCountry "GER"]
[BlackTeamCountry "GER"]

1. d4 b6 2. c4 e6 3. Nc3 f5 4. a3 Nf6 5. Nf3 Be7 6. g3 0-0 7. Bg2 c6 8. 0-0 Bb7 9. Bf4 Nh5 10. Bxb8 Rxb8 11. d5 Bf6 12. dxc6 Bxc6 13. Rc1 a6 14. Nd4 Bxg2 15. Kxg2 Qc7 16. e3 g6 17. b3 1/2-1/2

[Event "Niederbayernliga 0405"]
[Site "Germany"]
[Date "2005.??.??"]
[Round "8"]
[White "Nowotny, Lukas"]
[Black "Loderbauer, Gerhard"]
[Result "0-1"]
[WhiteElo "1718"]
[BlackElo "1825"]
[PlyCount "68"]
[EventDate "2004.??.??"]
[EventType "team"]
[EventRounds "9"]
[EventCountry "GER"]
[SourceTitle "EXT 2008"]
[Source "ChessBase"]
[SourceDate "2007.11.25"]
[SourceVersion "1"]
[SourceVersionDate "2007.11.25"]
[SourceQuality "1"]
[WhiteTeam "Freyung"]
[BlackTeam "Passau II"]
[WhiteTeamCountry "GER"]
[BlackTeamCountry "GER"]

1. d4 Nf6 2. c4 g6 3. Nc3 d5 4. Bf4 Bg7 5. Nf3 0-0 6. e3 c5 7. Nb5 Qa5+ 8. Qd2 Qxd2+ 9. Nxd2 Na6 10. Nb3 cxd4 11. N3xd4 Bd7 12. Rc1 Nb4 13. a3 Nc6 14. Nc7 Rac8 15. Nxd5 Nxd5 16. cxd5 Nxd4 17. Rxc8 Rxc8 18. exd4 Bxd4 19. b3 Rc3 20. Bc4 b5 21. Bd2 Rc2 22. Bd3 Ra2 23. Bb1 Ra1 24. 0-0 Rxa3 25. Bb4 Rxb3 26. Bxe7 a5 27. h3 a4 28. Rc1 Rb2 29. Bh4 a3 30. Bd3 Rb3 31. Rc7 a2 32. Rxd7 a1Q+ 33. Bf1 Rb1 34. Rd8+ Kg7 0-1

[Event "Niederbayernliga 0405"]
[Site "Germany"]
[Date "2005.??.??"]
[Round "6"]
[White "Schmidbauer, Franz"]
[Black "Loderbauer, Gerhard"]
[Result "1/2-1/2"]
[WhiteElo "1906"]
[BlackElo "1825"]
[PlyCount "117"]
[EventDate "2004.??.??"]
[EventType "team"]
[EventRounds "9"]
[EventCountry "GER"]
[SourceTitle "EXT 2008"]
[Source "ChessBase"]
[SourceDate "2007.11.25"]
[SourceVersion "1"]
[SourceVersionDate "2007.11.25"]
[SourceQuality "1"]
[WhiteTeam "Deggendorf II"]
[BlackTeam "Passau II"]
[WhiteTeamCountry "GER"]
[BlackTeamCountry "GER"]

1. e4 d6 2. d4 Nf6 3. Nc3 g6 4. f3 c6 5. Be3 b5 6. Qd2 Nbd7 7. h4 Nb6 8. Nh3 Bxh3 9. Rxh3 h5 10. Nd1 a6 11. Nf2 Bg7 12. c3 Nc4 13. Bxc4 bxc4 14. 0-0-0 Rb8 15. Rf1 Qb6 16. g4 a5 17. g5 Nd7 18. f4 0-0 19. f5 a4 20. a3 c5 21. Nd1 Qb3 22. Rhf3 Qb7 23. Qc2 Qb3 24. f6 Qxc2+ 25. Kxc2 exf6 26. gxf6 Bh8 27. Bg5 cxd4 28. cxd4 Rfe8 29. Nc3 Nf8 30. Rd1 Rb3 31. Re3 Reb8 32. Nxa4 Rxe3 33. Bxe3 Bxf6 34. Bf2 Nd7 35. Kc3 Nc5 36. Nxc5 dxc5 37. e5 cxd4+ 38. Bxd4 Bxh4 39. Kxc4 Bd8 40. b4 g5 41. a4 Ra8 42. a5 Be7 43. Ra1 Rc8+ 44. Bc5 Kg7 45. a6 Bxc5 46. bxc5 g4 47. a7 g3 48. a8Q Rxa8 49. Rxa8 g2 50. Ra1 h4 51. c6 h3 52. Rg1 Kh7 53. c7 h2 54. Rxg2 h1Q 55. Rc2 Qc6+ 56. Kb3 Qb7+ 57. Ka3 Qc8 58. Rc5 Kg8 59. Kb4 1/2-1/2

[Event "Augsburg Afro Seniors op 9th"]
[Site "Augsburg"]
[Date "2002.08.08"]
[Round "2"]
[White "Meszaros, Ignac"]
[Black "Loderbauer, Gerhard"]
[Result "1/2-1/2"]
[WhiteElo "1942"]
[BlackElo "1795"]
[PlyCount "28"]
[EventDate "2002.08.08"]
[EventType "swiss"]
[EventRounds "7"]
[EventCountry "GER"]
[SourceTitle "EXT 2007"]
[Source "ChessBase"]
[SourceDate "2006.11.23"]
[SourceVersion "1"]
[SourceVersionDate "2006.11.23"]
[SourceQuality "1"]

1. e4 d6 2. d4 Nf6 3. Nc3 g6 4. Be2 Bg7 5. Bg5 c6 6. Nf3 0-0 7. Qd2 b5 8. a3 Bb7 9. 0-0 a5 10. e5 dxe5 11. dxe5 Qxd2 12. Nxd2 Nfd7 13. f4 f6 14. exf6 exf6 1/2-1/2